| 000 | 02062cam a22002898a 4500 | ||
|---|---|---|---|
| 001 | 16143957 | ||
| 005 | 20160926114059.0 | ||
| 008 | 100317s2011 nyu 001 0 eng | ||
| 020 | _a9780071623865 | ||
| 020 | _a0071623868 | ||
| 082 | 0 | 0 |
_a618.9200231 _222 _bCAN |
| 100 | 1 |
_aCantrell, Mary Ann. _933291 |
|
| 245 | 1 | 0 |
_aSchaum’s outline of pediatric nursing / _cMary Ann Cantrell. |
| 246 | 1 | 3 | _aOutline of pediatric nursing |
| 260 |
_aNew York : _bMcGraw-Hill, _cc2011. |
||
| 263 | _a1008 | ||
| 300 |
_a249 p. ; _c30 cm. |
||
| 490 | 1 | _aSchaum's outline series | |
| 500 | _aIncludes index. | ||
| 505 | 0 | _aGrowth and development across the pediatric-age spectrum -- Nursing care interventions for the hospitalized child and family -- Nursing care interventions for common alterations in pediatric respiratory functioning -- Nursing care interventions for common alterations in pediatric hematological and immune functioning -- Nursing care interventions for common cancers in children and adolescents -- Nursing care interventions for common alterations in pediatric musculoskeletal functioning -- Nursing care interventions for common alterations in pediatric neurological functioning -- Nursing care interventions for common alterations in pediatric neuromuscular functioning -- Nursing care interventions for common alterations in pediatric fluid and electrolyte balance and urinary and renal functioning -- Nursing care interventions for common alterations in pediatric endocrine functioning -- Nursing care interventions for common alterations in pediatric cardiac functioning -- Nursing care interventions for common alterations in pediatric gastrointestinal and genitourinary functioning -- Nursing care interventions for common alterations in pediatric cognitive functioning. | |
| 650 | 0 |
_aPediatric nursing _vOutlines, syllabi, etc. _933292 _2BUEsh |
|
| 650 | 1 | 2 |
_aPediatric Nursing _vExamination Questions. _933293 _2BUEsh |
| 650 | 1 | 2 |
_aPediatric Nursing _vOutlines. _933294 _2BUEsh |
| 651 | _2BUEsh | ||
| 653 | _cMay2013 | ||
| 942 |
_2ddc _cNRB |
||
| 999 |
_c17488 _d17460 |
||